000 02135nam0a2200421 4500
001 RU\NLR\BIBL_A\012094914
005 20190926152906.0
010 _a978-5-238-03300-6
_9500
021 _aRU
_bКН-П-19-059077
_9КН-П-19-4238
035 _a(NLR Aleph) 012094914
035 _a(RuMoRGB)010062701
090 _a11874261
_c11874261
100 _a20190917d2019 k y0rusy50 ca
101 0 _arus
102 _aRU
105 _ay z 000zy
200 1 _aКонфессиональные отношения в Римской империи (I-XV вв.)
_eтеория и практика государственно-правового регулирования
_eмонография
_eнаучная специальность 12.00.01 "Теория и история права и государства; история учений о праве и государстве"
_fР. М. Ахмедов
210 _aМосква
_cЮнити
_cЗакон и право
_d2019
215 _a174, [1] с.
_d21
225 1 _aСерия "Научные издания для юристов"
300 _aВ вып. дан. авт.: Ахмедов Р. М.. к.ю.н., доц.
320 _aБиблиогр.: с. 169-174 (104 назв.) и в подстроч. примеч.
517 1 _aТеория и практика государственно-правового регулирования
606 1 _aРелигия и государство
_yРим Древний
_2nlr_sh2
_3RU\NLR\AUTH\6601662155
606 1 _aРелигия и государство
_yВизантия
_2nlr_sh2
_3RU\NLR\AUTH\6601662157
686 1 _aХ2(0)323
686 2 _aЭ371-3-021.5
686 2 _aЭ372.21-34-021.5
700 1 _aАхмедов
_bР. М.
_gРуслан Маратович
942 _cBOOK
980 _aNBR
980 _aNB